| 000 | 00434nam a22001457a 4500 | ||
|---|---|---|---|
| 005 | 20180726142956.0 | ||
| 020 |
_a8178292149 _c00.00 |
||
| 035 | _aB-119556, B-119558 | ||
| 037 |
_aDPL _bENG |
||
| 100 | _aBurns, Lynette Sheridan | ||
| 245 |
_aUnderstanding journalism / _cby Lynette Sheridan Burns |
||
| 260 |
_aNew Delhi _bVistaar Publications _c2004 |
||
| 300 |
_aix, 186p. _c20 cms. |
||
| 942 |
_2ddc _cEN _h070.4 _mBUR |
||
| 999 |
_c63615 _d63615 |
||